El hombre prehistórico /
Saved in:
| Main Author: | |
|---|---|
| Other Authors: | |
| Format: | Book |
| Language: | Español |
| Published: |
México :
Ediciones Culturales Internacionales,
1990, c1990
|
| Edition: | 2a edición |
| Series: | (Colección de la Naturaleza de Time-Life)
|
| Subjects: | |
| Tags: |
No Tags, Be the first to tag this record!
|
MARC
| LEADER | 00000nam^a2200000^a^4500 | ||
|---|---|---|---|
| 001 | 000008453 | ||
| 005 | 20250521000000.0 | ||
| 009 | 20260310083548.13 | ||
| 020 | |a 968-418-064-0 | ||
| 037 | |a Acervo ITESO - Biblioteca | ||
| 041 | |a ESP | ||
| 082 | |a 500. |b NAT V. 3 | ||
| 100 | |a Howell, F. Clark |e (autor) | ||
| 245 | 1 | 3 | |a El hombre prehistórico / |c F.C. Howell ; tr. por A. Bárcena. |
| 250 | |a 2a edición | ||
| 264 | 4 | |a México : |b Ediciones Culturales Internacionales, |c 1990, c1990 | |
| 300 | |a 200 p. | ||
| 336 | |a texto |b txt |2 rdacontenido | ||
| 337 | |a sin mediación |b n |2 rdamedio | ||
| 338 | |a volumen |b nc |2 rdasoporte | ||
| 440 | 1 | |a (Colección de la Naturaleza de Time-Life) | |
| 500 | |a Traducción de: Early Man | ||
| 649 | |a XX | ||
| 650 | |a Hombre Prehistórico - |x Tema Principal | ||
| 650 | |a Hombre Primitivo | ||
| 650 | |a Paleontología | ||
| 650 | |a Prehistoria | ||
| 700 | |a Bárcena, Agustín |e (traducción) | ||
| 910 | |a Fondo General | ||
| 920 | |a Impresos - Libros | ||
| 930 | |a Obras de Referencia | ||
| 905 | |a 102 | ||
| 901 | |a 0084530100 |b IT2 |c REF |i 008453 |u 20250521 | ||
| 902 | |a https://opac.biblio.iteso.mx/vufind/Record/000008453 | ||